000 00544nmm a2200169Ia 4500
008 251105s9999||||xx |||||||||||||||||und||
020 _a9788476588086
041 _aspa
100 _aLévy, Pierre
245 0 _aCibercultura. La cultura de la sociedad digital
264 _a[Madrid, España] :
_bAnthropos,
_c2007
300 _a230 páginas
490 _aAutores, textos y temas. Tecnología, Ciencia, Naturaleza y Sociedad
650 _aTechnology and computing
856 _uhttps://public.digitaliapublishing.com/a/15675
942 _cCF
999 _c85151
_d85151